000 00614nam a2200181Ia 4500
008 151202s9999||||xx |||||||||||||| ||und||
082 _bPNVM-61269
100 _aसाठे अण्णाभाऊ.
245 _aस्वप्न सुंदरी.
260 _bविद्यार्थी प्रकाशन पुणे.
260 _c61269
300 _a87
600 _aसाठे अण्णाभाऊ.
630 _aस्वप्न सुंदरी.
700 _aसाठे अण्णाभाऊ.
730 _aस्वप्न सुंदरी.
942 _cBOOK
999 _c1327803
_d1327800